00936 a2200217 4500020001500000020001800015082001200033100002900045245006800074250001200142260003900154300002100193490005400214505017100268700002900439700002300468830006000491942002600551999001900577952012200596 a0780347013 a9780780347014 a537,FRO aWerner, Douglas H.9864110aFrontiers in electromagnetics /cDouglas H. Werner, Raj Mittra. a1st ed. a[S.l.] :bWiley-IEEE Press,c2000. a814 p. ;c26 cm.1 aIeee press series on rf and microwave technology. aPart 1:- Geometry, Topology, and Grous (Page-1), Optimization and Estimation (Page-329), Part 3:- Analytic Methods (Page-474), Part 5:- Numerical Methods (Page-669). 1 aWerner, Douglas H.986411 aMittra, Raj.98642 0aIeee press series on rf and microwave technology.98643 aSNScBKk537 WER2ddc c175437d175437 00102ddc4070aMCSbMCScREFd2016-12-12o537,FROpMCS31831r2016-12-08w2016-12-12yREFzAlmirah No.19, Shelf No.6